000 00746nam a2200229Ia 4500
003 GCL
008 140319s9999 xx 000 0 ara d
040 _aGCL /
_cGCL
082 0 4 _a347.01
_bع ت
100 1 _aعبدالحميد الشواربى
_vPurified
_@
…هذب
245 1 0 _aتشريعات البلدية /
_cعبدالحميد الشواربى
260 _a[S.N] :
_bلجنة الاعلام والدراسات المستقبلية ،
_c1993
300 _a673
490 _a
650 0 4 _aالقانون
650 0 4 _aالادارة المحلية
650 0 4 _aالقانون المدنى
650 0 4 _aقوانين وتشريعات
650 0 4 _aالمبانى
650 0 4 _aعقود البناء
942 _2ddc
_cBK
999 _c28418
_d28418